000 00705nam a2200229Ia 4500
001 8751
003 GE_BSU
008 181216s||||||||xx |||||||||||||| ||und||
040 _cGE_BSU
080 _a821.353.1-1
100 _aივარდავა, დილარ
245 _aყინული ლღვება
245 _bლექსები
245 _cრედ. ჯემალ ნინუა, მხატ. სპარტაკ ცინცაძე
260 _aთბილისი.
260 _bმერანი
260 _c1975
300 _a80გვ. 16სმ.
653 _aლექსები
653 _aყინული ლღვება
942 _cBK
999 _c42061
_d42061